<?xml version="1.0" encoding="UTF-8"?>
<record
    xmlns:xsi="http://www.w3.org/2001/XMLSchema-instance"
    xsi:schemaLocation="http://www.loc.gov/MARC21/slim http://www.loc.gov/standards/marcxml/schema/MARC21slim.xsd"
    xmlns="http://www.loc.gov/MARC21/slim">

  <leader>03668nam a2200325 i 4500</leader>
  <controlfield tag="001">000026937</controlfield>
  <controlfield tag="003">OSt</controlfield>
  <controlfield tag="005">20240930095120.0</controlfield>
  <controlfield tag="007">ta</controlfield>
  <controlfield tag="008">110328t1948    dr abc  r     001 0 spa d</controlfield>
  <datafield tag="040" ind1=" " ind2=" ">
    <subfield code="a">DO-SdBNP</subfield>
    <subfield code="b">spa</subfield>
    <subfield code="c">DO-SdBNP</subfield>
    <subfield code="e">rda</subfield>
  </datafield>
  <datafield tag="082" ind1=" " ind2="4">
    <subfield code="a">796.522</subfield>
    <subfield code="b">A457r</subfield>
    <subfield code="2">22</subfield>
  </datafield>
  <datafield tag="245" ind1="0" ind2="3">
    <subfield code="a">El alpinismo en la Rep&#xFA;blica Dominicana /</subfield>
    <subfield code="c">publicado por ML de Js Tavares, Sucs. ; proemio Dr. Federico L. Lithgow.</subfield>
  </datafield>
  <datafield tag="246" ind1="1" ind2="4">
    <subfield code="a">Alpinismo dominicano :</subfield>
    <subfield code="b">elevaci&#xF3;n m&#xE1;xima de las antillas /</subfield>
  </datafield>
  <datafield tag="264" ind1=" " ind2=" ">
    <subfield code="a">Santiago de los Caballeros, Rep&#xFA;blica Dominicana :</subfield>
    <subfield code="b">El Diario,</subfield>
    <subfield code="c">1948.</subfield>
  </datafield>
  <datafield tag="300" ind1=" " ind2=" ">
    <subfield code="a">349 p&#xE1;ginas :</subfield>
    <subfield code="b">ilustraciones, mapa, retratos. ;</subfield>
    <subfield code="c">24 cm.</subfield>
  </datafield>
  <datafield tag="336" ind1=" " ind2=" ">
    <subfield code="a">rdacontent</subfield>
    <subfield code="b">texto</subfield>
    <subfield code="2">txt</subfield>
  </datafield>
  <datafield tag="337" ind1=" " ind2=" ">
    <subfield code="a">rdamedia</subfield>
    <subfield code="b">sin mediaci&#xF3;n</subfield>
    <subfield code="2">n</subfield>
  </datafield>
  <datafield tag="338" ind1=" " ind2=" ">
    <subfield code="b">rdacarrier</subfield>
    <subfield code="0">volumen</subfield>
    <subfield code="2">nc</subfield>
  </datafield>
  <datafield tag="504" ind1=" " ind2=" ">
    <subfield code="a">Incluye referencias bibliogr&#xE1;ficas y notas al pie de p&#xE1;ginas.</subfield>
  </datafield>
  <datafield tag="505" ind1="0" ind2=" ">
    <subfield code="g">Concurso de Alpinismo :</subfield>
    <subfield code="t">Promesa complida --</subfield>
    <subfield code="t">Proemio --</subfield>
    <subfield code="t">Carta de Constancio Bernaldo de Quir&#xF3;s --</subfield>
    <subfield code="t">Cartas de Ml. A. Tavares Julia --</subfield>
    <subfield code="g">Primer anuncio del concurso --</subfield>
    <subfield code="g">Editorial de la Informaci&#xF3;n --</subfield>
    <subfield code="t">Suelto informativo de La Naci&#xF3;n --</subfield>
    <subfield code="t">Editorial de La Naci&#xF3;n --</subfield>
    <subfield code="t">Concurso de subida al Pico Trujillo --</subfield>
    <subfield code="t">Rasgos de alpinistas y alpinismo --</subfield>
    <subfield code="t">Las ciguapas --</subfield>
    <subfield code="t">Alpinistas en La Pelona --</subfield>
    <subfield code="t">Instrucciones suministradas --</subfield>
    <subfield code="t">Partes telegr&#xE1;ficos --</subfield>
    <subfield code="t">Actas de fundaci&#xF3;n del Club de Alpinismo Dominicano --</subfield>
    <subfield code="t">Relaci&#xF3;n (Ing. Luper&#xF3;n Flores, Dr. Alberto Garc&#xED;a Godoy y Dr. Federico W. Lithgow) --</subfield>
    <subfield code="t">Relaci&#xF3;n (grupo dirigido por Sebasti&#xE1;n Alfonso Mera) --</subfield>
    <subfield code="t">Relaci&#xF3;n (Ulises Franco Fondeur y Guillermo Dalmau Febles) --</subfield>
    <subfield code="t">Relaci&#xF3;n (grupo dirigido por el Br. Luis Emilio Tavares Santalises) --</subfield>
    <subfield code="t">Relaci&#xF3;n (grupo dirigido por Jos&#xE9; Herrera) --</subfield>
    <subfield code="t">Relaci&#xF3;n (Rafael Marcelino, Mart&#xED;n Ortiz, Julio Espino y Pomponio Echavarr&#xED;a) --</subfield>
    <subfield code="t">Mensajes telegr&#xE1;ficos --</subfield>
    <subfield code="t">Reparto del Premio (carta de Ml. de Js. Tavares Sucs.) --</subfield>
    <subfield code="g">Deporte y ciencia geogr&#xE1;fica :</subfield>
    <subfield code="t">El culto de las monta&#xF1;as /</subfield>
    <subfield code="r">C. Bernaldo de Quir&#xF3;s --</subfield>
    <subfield code="t">El alpinismo /</subfield>
    <subfield code="r">C. Bernaldo de Quir&#xF3;s --</subfield>
    <subfield code="t">Excursionismo dominicano /</subfield>
    <subfield code="r">C. Bernaldo de Quir&#xF3;s --</subfield>
    <subfield code="t">Una vista al Valle de Constanza /</subfield>
    <subfield code="r">R. H. Schomburgk --</subfield>
    <subfield code="t">Visit to the Valley of Constanza /</subfield>
    <subfield code="r">R. H. Schomburgk --</subfield>
    <subfield code="t">El Bar&#xF3;n de Eggers y la exploraci&#xF3;n bot&#xE1;nica de Constanza y Valle Nuevo /</subfield>
    <subfield code="r">Carlos E. Chard&#xF3;n --</subfield>
    <subfield code="t">Una excursi&#xF3;n a la Cordillera Central en la l&#xED;nea noroeste /</subfield>
    <subfield code="r">Carlos Gonz&#xE1;lez N. --</subfield>
    <subfield code="t">Una noche en Rancho Ram&#xF3;n /</subfield>
    <subfield code="r">Federico W. Lithgow --</subfield>
    <subfield code="t">Una excursi&#xF3;n al Pico de la Sabana Alta /</subfield>
    <subfield code="r">Federico W. Lithgow --</subfield>
    <subfield code="t">Una excursi&#xF3;n al Monte Tina /</subfield>
    <subfield code="r">Federico W. Lithgow --</subfield>
    <subfield code="t">Excursi&#xF3;n al Valle del Bao /</subfield>
    <subfield code="r">Alberto Lugo.</subfield>
  </datafield>
  <datafield tag="505" ind1="0" ind2=" ">
    <subfield code="g">Exploraciones y misterio :</subfield>
    <subfield code="t">La verdad del misterioso Valle Encantado /</subfield>
    <subfield code="r">An&#xED;bal Basilis --</subfield>
    <subfield code="t">Pico Trujillo, La Pelona y La Rusilla /</subfield>
    <subfield code="r">Juan B. P&#xE9;rez, Miguel Canela L&#xE1;zaro --</subfield>
    <subfield code="t">Una excursi&#xF3;n al Maciso del Yaque /</subfield>
    <subfield code="r">Juan B. P&#xE9;rez, Miguel Canela L&#xE1;zaro --</subfield>
    <subfield code="t">En busca del Monte Tina /</subfield>
    <subfield code="r">E. L. Eckman --</subfield>
    <subfield code="t">Algo m&#xE1;s sobre el Monte Tina y el Valle Encantado /</subfield>
    <subfield code="r">Juan B. P&#xE9;rez --</subfield>
    <subfield code="t">Una excursi&#xF3;n a La Pelada /</subfield>
    <subfield code="r">Juan Ulises Garc&#xED;a Bonelly --</subfield>
    <subfield code="t">La verdad sobre La Loma Tina /</subfield>
    <subfield code="r">Casimiro G&#xF3;mez --</subfield>
    <subfield code="t">Una excursi&#xF3;n al Monte Tina (Editorial de La Opini&#xF3;n) --</subfield>
    <subfield code="t">Excursi&#xF3;n a La Rusilla /</subfield>
    <subfield code="r">Federic Schad --</subfield>
    <subfield code="t">R&#xED;o dominicano desconocido y Salto de agua ignorado (Editorial La Naci&#xF3;n) --</subfield>
    <subfield code="t">Pico Trujillo, la monta&#xF1;a m&#xE1;s alta de Las Antillas /</subfield>
    <subfield code="r">Ing. Juan Ulises Garc&#xED;a Bonnelly.</subfield>
  </datafield>
  <datafield tag="590" ind1=" " ind2=" ">
    <subfield code="a">Inventariado, 2019/BT</subfield>
  </datafield>
  <datafield tag="650" ind1=" " ind2="7">
    <subfield code="a">Alpinismo</subfield>
    <subfield code="z">Rep&#xFA;blica Dominicana</subfield>
    <subfield code="9">44215</subfield>
    <subfield code="2">Lemb</subfield>
  </datafield>
  <datafield tag="650" ind1=" " ind2="7">
    <subfield code="a">Monta&#xF1;ismo</subfield>
    <subfield code="z">Rep&#xFA;blica Dominicana</subfield>
    <subfield code="9">44216</subfield>
  </datafield>
  <datafield tag="700" ind1="1" ind2=" ">
    <subfield code="a">Lithgow, Federico L.,</subfield>
    <subfield code="e">pr&#xF3;l.</subfield>
    <subfield code="9">44217</subfield>
  </datafield>
  <datafield tag="910" ind1=" " ind2=" ">
    <subfield code="a">Validado. Control de calidad. EMS</subfield>
  </datafield>
  <datafield tag="942" ind1=" " ind2=" ">
    <subfield code="2">ddc</subfield>
    <subfield code="c">LBS1</subfield>
  </datafield>
  <datafield tag="952" ind1=" " ind2=" ">
    <subfield code="0">0</subfield>
    <subfield code="1">0</subfield>
    <subfield code="2">ddc</subfield>
    <subfield code="5">6</subfield>
    <subfield code="7">0</subfield>
    <subfield code="8">RV</subfield>
    <subfield code="a">BNPHU</subfield>
    <subfield code="b">PD</subfield>
    <subfield code="c">HD</subfield>
    <subfield code="d">2011-03-29</subfield>
    <subfield code="l">0</subfield>
    <subfield code="o">BNPHU PD-RV 796.522 A457r</subfield>
    <subfield code="p">26937-10</subfield>
    <subfield code="r">2020-06-25</subfield>
    <subfield code="w">2020-06-25</subfield>
    <subfield code="y">LBS1</subfield>
  </datafield>
  <datafield tag="952" ind1=" " ind2=" ">
    <subfield code="0">0</subfield>
    <subfield code="1">0</subfield>
    <subfield code="2">ddc</subfield>
    <subfield code="7">1</subfield>
    <subfield code="8">RV</subfield>
    <subfield code="a">BNPHU</subfield>
    <subfield code="b">PD</subfield>
    <subfield code="c">HD</subfield>
    <subfield code="d">2018-12-14</subfield>
    <subfield code="l">0</subfield>
    <subfield code="o">BNPHU PD-RV 796.522 A457r</subfield>
    <subfield code="p">26937-20</subfield>
    <subfield code="r">2020-06-25</subfield>
    <subfield code="t">e. 2</subfield>
    <subfield code="w">2020-06-25</subfield>
    <subfield code="y">LBS1</subfield>
  </datafield>
  <datafield tag="952" ind1=" " ind2=" ">
    <subfield code="0">0</subfield>
    <subfield code="1">0</subfield>
    <subfield code="2">ddc</subfield>
    <subfield code="7">4</subfield>
    <subfield code="8">RV</subfield>
    <subfield code="a">BNPHU</subfield>
    <subfield code="b">PD</subfield>
    <subfield code="c">HD</subfield>
    <subfield code="d">2018-12-14</subfield>
    <subfield code="l">0</subfield>
    <subfield code="o">BNPHU DS-RV 796.522 A457r</subfield>
    <subfield code="p">2020-0136</subfield>
    <subfield code="r">2020-10-09</subfield>
    <subfield code="t">e. 3</subfield>
    <subfield code="w">2020-06-25</subfield>
    <subfield code="y">LBS1</subfield>
  </datafield>
  <datafield tag="952" ind1=" " ind2=" ">
    <subfield code="0">0</subfield>
    <subfield code="1">0</subfield>
    <subfield code="2">ddc</subfield>
    <subfield code="7">4</subfield>
    <subfield code="8">RV</subfield>
    <subfield code="a">BNPHU</subfield>
    <subfield code="b">PD</subfield>
    <subfield code="c">HD</subfield>
    <subfield code="d">2018-12-14</subfield>
    <subfield code="e">Reyes Duluc</subfield>
    <subfield code="l">0</subfield>
    <subfield code="o">BNPHU DS-RV 796.522 A457r</subfield>
    <subfield code="p">2020-0137</subfield>
    <subfield code="r">2020-10-09</subfield>
    <subfield code="t">e. 4</subfield>
    <subfield code="w">2020-06-25</subfield>
    <subfield code="y">LBS1</subfield>
    <subfield code="z">Perteneci&#xF3; a la biblioteca  personal de la familia Reyes Duluc</subfield>
  </datafield>
  <datafield tag="952" ind1=" " ind2=" ">
    <subfield code="0">0</subfield>
    <subfield code="1">0</subfield>
    <subfield code="2">ddc</subfield>
    <subfield code="5">6</subfield>
    <subfield code="7">0</subfield>
    <subfield code="8">DS</subfield>
    <subfield code="a">BNPHU</subfield>
    <subfield code="b">BNPHU</subfield>
    <subfield code="c">CT</subfield>
    <subfield code="d">2024-09-30</subfield>
    <subfield code="e">donaci&#xF3;n</subfield>
    <subfield code="l">0</subfield>
    <subfield code="o">BNPHU RV-DS 796.522 A457r</subfield>
    <subfield code="p">2024-5468</subfield>
    <subfield code="r">2024-09-30</subfield>
    <subfield code="t">e.5</subfield>
    <subfield code="w">2024-09-30</subfield>
    <subfield code="y">LBS1</subfield>
  </datafield>
  <datafield tag="956" ind1=" " ind2=" ">
    <subfield code="a">VMateo</subfield>
  </datafield>
  <datafield tag="999" ind1=" " ind2=" ">
    <subfield code="c">26429</subfield>
    <subfield code="d">26429</subfield>
  </datafield>
</record>
